|
|
|
|
| LEADER |
00885nab a2200217 i 4500 |
| 001 |
misc67950 |
| 005 |
20240513100444.0 |
| 008 |
240208s2006 hu o 000 eng d |
| 040 |
|
|
|a SZTE Miscellanea Repozitórium
|b hun
|
| 041 |
|
|
|a eng
|
| 100 |
1 |
|
|a Johanson Lars
|
| 245 |
1 |
0 |
|a Historical, cultural and linguistic aspects of Turkic-Iranian contiguity
|h [elektronikus dokumentum] /
|c Johanson Lars
|
| 260 |
|
|
|a Harrassowitz Verlag
|b Wiesbaden
|c 2006
|
| 300 |
|
|
|a 16 p.
|c 30 cm
|
| 490 |
0 |
|
|a Turkic-Iranian contact areas : historical and linguistic aspects / edited by Lars Johanson, Christiane Bulut
|
| 561 |
|
|
|a Németh Gyula hagyaték
|
| 591 |
|
|
|a OA 6652
|
| 650 |
|
4 |
|a Bölcsészettudományok
|
| 650 |
|
4 |
|a Nyelvek és irodalom
|
| 695 |
|
|
|a Iráni nyelvek - nyelvtörténet, Török nyelvek - nyelvtörténet
|
| 856 |
4 |
0 |
|u http://misc.bibl.u-szeged.hu/67950/1/6652_oa.pdf
|z Dokumentum-elérés
|